Bài tập tiếng Anh dùng kèm English 11
Guardat en:
| Autor principal: | |
|---|---|
| Format: | Llibre |
| Idioma: | Undetermined |
| Publicat: |
Tp. HCM.
Đại học Quốc gia Tp. HCM.
2000
|
| Matèries: | |
| Etiquetes: |
Afegir etiqueta
Sense etiquetes, Sigues el primer a etiquetar aquest registre!
|
| Thư viện lưu trữ: | Trung tâm Học liệu Trường Đại học Cần Thơ |
|---|
| LEADER | 00629nam a2200169Ia 4500 | ||
|---|---|---|---|
| 001 | CTU_39716 | ||
| 008 | 210402s9999 xx 000 0 und d | ||
| 082 | |a 428.076 | ||
| 082 | |b E58/L11 | ||
| 100 | |a Lê Ngọc Bửu | ||
| 245 | 0 | |a Bài tập tiếng Anh dùng kèm English 11 | |
| 245 | 0 | |c Lê Ngọc Bửu; Biên soạn: Trần Văn Khánh | |
| 260 | |a Tp. HCM. | ||
| 260 | |b Đại học Quốc gia Tp. HCM. | ||
| 260 | |c 2000 | ||
| 650 | |a english language - study and teaching ( secondary ),english langugae - problems, exercises ( secondary ) | ||
| 980 | |a Trung tâm Học liệu Trường Đại học Cần Thơ | ||